| 000 | 00428nam a2200169Ia 4500 | ||
|---|---|---|---|
| 008 | 230524s9999 xx 000 0 und d | ||
| 020 | _a8129702290 | ||
| 082 |
_a621.317 _bRAS |
||
| 100 | _aMuhammad H.Rashid | ||
| 245 | 0 | _aMicroelectronics Circuits Analysis and Design | |
| 250 | _a3RD | ||
| 260 |
_aNEW DELHI _bCengage _c2010 |
||
| 300 | _aXVI;990 | ||
| 500 | _aQuantity Number: 2 | ||
| 650 | _aElectronics | ||
| 942 | _cBK | ||
| 999 |
_c47990 _d47990 |
||